Idea de la ley agraria aspañola / (Record no. 165438)

MARC details
000 -LEADER
campo de control de longitud fija 00990nam a2200253 i 4500
001 - NÚMERO DE CONTROL
campo de control 165438
003 - IDENTIFICADOR DE NÚMERO DE CONTROL
campo de control ES-MaACL
005 - FECHA Y HORA DE LA ÚLTIMA TRANSACCIÓN
campo de control 20250822190557.0
008 - DATOS DE LONGITUD FIJA--INFORMACIÓN GENERAL
campo de control de longitud fija 931025s1786 sp |||| | spa d
080 ## - NÚMERO DE LA CLASIFICACIÓN DECIMAL UNIVERSAL
Número de la Clasificación Decimal Universal 349.42(460)"17"
100 1# - ENTRADA PRINCIPAL--NOMBRE DE PERSONA
Nombre de persona Sisternes y Feliu, Manuel.
9 (RLIN) 132776
245 10 - MENCIÓN DEL TÍTULO
Título Idea de la ley agraria aspañola /
Mención de responsabilidad, etc. por D. Manuel Sisternes y Feliu.
260 ## - PUBLICACIÓN, DISTRIBUCIÓN, ETC.
Lugar de publicación, distribución, etc. En Valencia :
Nombre del editor, distribuidor, etc. Oficina de D. Benito Monfort,
Fecha de publicación, distribución, etc. 1786.
300 ## - DESCRIPCIÓN FÍSICA
Extensión [6], XXX, 148, [2] p. ;
Dimensiones 4º.
530 ## - NOTA DISPONIBLE DE FORMULARIO FÍSICO ADICIONAL
Nota de formato físico adicional disponible Disponible en formato digital.
596 ## - NOTA AL PIE DE IMPRENTA
NOTA AL PIE DE IMPRENTA Marca tip. en port.
597 ## - NOTA DE DESCRIPCIÓN FÍSICA
NOTA DE DESCRIPCIÓN FÍSICA Sign.: [ ]\p3\s, [calderón]-3[calderón]\p4\s, 4[calderón]\p3\s, A-S\p4\s, T\p3\s.
597 ## - NOTA DE DESCRIPCIÓN FÍSICA
NOTA DE DESCRIPCIÓN FÍSICA Antep.
650 #4 - PUNTO DE ACCESO ADICIONAL DE MATERIA--TÉRMINO DE MATERIA
Término de materia o nombre geográfico como elemento de entrada Derecho agrario-
Subdivisión geográfica España
9 (RLIN) 11649
700 1# - ENTRADA AGREGADA--NOMBRE PERSONAL
Nombre de persona Monfort, Benito,
Fechas asociadas al nombre 1715-1785,
Títulos y otros términos asociados al nombre imp.
9 (RLIN) 162728
852 ## - LOCALIZACIÓN
Ubicación ES-MaACL
Número de control de estantería R-809
Nota libre - Enc. pasta
Encuadernación Olim: G-4204
856 ## - LOCALIZACIÓN Y ACCESO ELECTRÓNICOS
Identificador Uniforme de Recursos <a href="http://bdh-rd.bne.es/viewer.vm?id=0000094773&page=1 ">http://bdh-rd.bne.es/viewer.vm?id=0000094773&page=1 </a>
Nota pública Biblioteca Digital Hispánica
Holdings
Estatus retirado Estado de pérdida Estado de daño No para préstamo Colección Biblioteca de origen Biblioteca actual Ubicación en estantería Fecha de adquisición Fuente de adquisición Total de préstamos Signatura topográfica completa Código de barras Visto por última vez Precio de reemplazo Tipo de ítem Koha
        Colección digital Biblioteca del Ateneo de Madrid Biblioteca del Ateneo de Madrid Depósito 17/01/2008     R-809 1173483 23/02/2023 23/02/2023 Libro impreso antiguo